Bunny - Statistics

General Stats
  • This quiz has been taken 211 times
  • The average score is 9 of 9
Answer Stats
Question Tile Select % Correct
Which one is the bunny Yes
99%
Which one is the bunny Hi No
97%
Which one is the bunny Hi No
96%
Which one is the bunny Hi No
95%
Which one is the bunny Hi No
95%
Which one is the bunny Hi No
93%
Which one is the bunny Hi No
93%
Which one is the bunny Hi No
92%
Which one is the bunny Hi No
92%
No matching quizzes found
Score Distribution
Percent of People with Each Score
Percentile by Number Answered
Your Score History
You have not taken this quiz